[Event "Skakligaen"]
[Site "Ballerup"]
[Date "2017.11.18"]
[Round "1.5"]
[White "Hoi, Carsten"]
[Black "Rosenkilde, Alexander"]
[Result "1/2-1/2"]
[WhiteElo "2354"]
[BlackElo "2216"]
[PlyCount "43"]
[EventDate "2017.11.18"]
[EventType "team-tourn"]
[EventRounds "9"]
[EventCountry "DEN"]
[WhiteTeam "Bronshoj"]
[BlackTeam "Jetsmark"]
[WhiteTeamCountry "DEN"]
[BlackTeamCountry "DEN"]

1. d4 Nf6 2. c4 e6 3. Nc3 Bb4 4. e3 O-O 5. Bd3 d5 6. Nge2 dxc4 7. Bxc4 c5 8. a3
cxd4 9. axb4 dxc3 10. Qxd8 Rxd8 11. Nxc3 Nc6 12. b5 Ne5 13. Be2 Nd3+ 14. Bxd3
Rxd3 15. Ke2 Rd8 16. e4 e5 17. Bg5 Be6 18. Rhd1 Bc4+ 19. Kf3 a6 20. b6 Bb3 21.
Rxd8+ Rxd8 22. Ra5 1/2-1/2

[Event "Skakligaen"]
[Site "Aarhus"]
[Date "2017.11.18"]
[Round "1.1"]
[White "Teplyi, Igor"]
[Black "Hansen, Sune Berg"]
[Result "1/2-1/2"]
[WhiteElo "2412"]
[BlackElo "2580"]
[PlyCount "137"]
[EventDate "2017.11.18"]
[EventType "team-tourn"]
[EventRounds "9"]
[EventCountry "DEN"]
[WhiteTeam "Nordre"]
[BlackTeam "Hillerod"]
[WhiteTeamCountry "DEN"]
[BlackTeamCountry "DEN"]

1. d4 d5 2. c4 e6 3. Nf3 Nf6 4. Nc3 a6 5. cxd5 exd5 6. Bg5 Be6 7. e3 Nbd7 8.
Bd3 Bd6 9. O-O O-O 10. Rc1 c6 11. Qc2 h6 12. Bf4 Qc7 13. Bxd6 Qxd6 14. a3 Rfe8
15. Rfe1 Re7 16. Na4 Rae8 17. Nc5 Nxc5 18. Qxc5 Qb8 19. b4 Nd7 20. Qc2 Qd6 21.
h3 Rc8 22. Qc3 Ree8 23. Re2 Qe7 24. e4 dxe4 25. Rxe4 Nf6 26. Ree1 Nd5 27. Qc5
Qf6 28. Be4 Rcd8 29. Ne5 Qg5 30. Nf3 Qf6 31. Ne5 Nf4 32. Qc3 Qg5 33. Kh2 Bd5
34. Qf3 Be6 35. Rcd1 h5 36. Qg3 Qxg3+ 37. Kxg3 Nd5 38. Bxd5 Rxd5 39. Nf3 f6 40.
Rc1 Kf7 41. Rc5 Red8 42. a4 g5 43. Rb1 Bf5 44. Rb2 h4+ 45. Kh2 Be4 46. b5 axb5
47. axb5 Rxc5 48. dxc5 Bxf3 49. gxf3 Rd5 50. bxc6 bxc6 51. Kg2 Rxc5 52. f4 Ke6
53. fxg5 fxg5 54. Kf3 Kf5 55. Rb3 Rc4 56. Rd3 Rf4+ 57. Ke3 Re4+ 58. Kf3 Rf4+
59. Ke3 g4 60. hxg4+ Rxg4 61. Rc3 Rg6 62. Rc5+ Kg4 63. Rc4+ Kh3 64. f4 Kg3 65.
f5 Rh6 66. Rc1 h3 67. Rg1+ Kh4 68. Kf4 h2 69. Rg4+ 1/2-1/2

[Event "Skakligaen"]
[Site "Aarhus"]
[Date "2017.11.18"]
[Round "1.2"]
[White "Schandorff, Lars"]
[Black "Petersen, Tom Petri"]
[Result "1-0"]
[WhiteElo "2490"]
[BlackElo "2293"]
[PlyCount "57"]
[EventDate "2017.11.18"]
[EventType "team-tourn"]
[EventRounds "9"]
[EventCountry "DEN"]
[WhiteTeam "Hillerod"]
[BlackTeam "Nordre"]
[WhiteTeamCountry "DEN"]
[BlackTeamCountry "DEN"]

1. d4 g6 2. Nf3 Bg7 3. g3 d6 4. Bg2 Nd7 5. O-O e5 6. dxe5 dxe5 7. Nc3 Ngf6 8.
Nd2 O-O 9. Nc4 Re8 10. a4 Qe7 11. b3 a6 12. Ba3 Qe6 13. e4 c6 14. a5 Bf8 15.
Na4 Bxa3 16. Rxa3 Qe7 17. Qd6 Qxd6 18. Nxd6 Rd8 19. b4 Rb8 20. Nc4 Re8 21. Rd3
Nf8 22. Nab6 N6d7 23. Nd6 Nxb6 24. Nxe8 Be6 25. Nd6 Nc4 26. Rb1 b5 27. Nxc4
Bxc4 28. Rd6 c5 29. Rb6 1-0

[Event "Skakligaen"]
[Site "Aarhus"]
[Date "2017.11.18"]
[Round "1.3"]
[White "Olsen, Filip Boe"]
[Black "Borge, Nikolaj"]
[Result "0-1"]
[WhiteElo "2267"]
[BlackElo "2392"]
[PlyCount "72"]
[EventDate "2017.11.18"]
[EventType "team-tourn"]
[EventRounds "9"]
[EventCountry "DEN"]
[WhiteTeam "Nordre"]
[BlackTeam "Hillerod"]
[WhiteTeamCountry "DEN"]
[BlackTeamCountry "DEN"]

1. d4 c5 2. d5 e5 3. e4 d6 4. Nc3 Be7 5. Nf3 Bg4 6. Be2 Bxf3 7. Bxf3 Bg5 8.
Bxg5 Qxg5 9. Qd3 Nd7 10. Nb5 Ke7 11. h4 Qf6 12. a4 h5 13. g3 a6 14. Na3 b5 15.
axb5 axb5 16. O-O g5 17. hxg5 Qxg5 18. Nxb5 Rxa1 19. Rxa1 h4 20. Bg2 Ngf6 21.
Na7 Nh5 22. Nc6+ Kf6 23. Ra7 hxg3 24. fxg3 Qc1+ 25. Kf2 Kg7 26. Rxd7 Nf6 27.
Rxd6 Ng4+ 28. Kf3 Nh2+ 29. Kf2 Ng4+ 30. Kf3 Nh2+ 31. Ke2 Qg1 32. Qe3 Qxg2+ 33.
Kd3 Nf3 34. Ne7 Rh2 35. Nf5+ Kg8 36. c3 Qf1+ 0-1

[Event "Skakligaen"]
[Site "Aarhus"]
[Date "2017.11.18"]
[Round "1.4"]
[White "Larsen, Steen Skovlund"]
[Black "Sloth, Jorn"]
[Result "1-0"]
[WhiteElo "2317"]
[BlackElo "2295"]
[PlyCount "81"]
[EventDate "2017.11.18"]
[EventType "team-tourn"]
[EventRounds "9"]
[EventCountry "DEN"]
[WhiteTeam "Hillerod"]
[BlackTeam "Nordre"]
[WhiteTeamCountry "DEN"]
[BlackTeamCountry "DEN"]

1. Nf3 c5 2. b3 d6 3. e3 e5 4. Bb5+ Nc6 5. O-O Bd7 6. Nc3 Nf6 7. Bc4 Be7 8. Nd5
b5 9. Nxe7 Nxe7 10. Be2 O-O 11. Bb2 Bc6 12. Ne1 Nd7 13. d3 a5 14. c4 a4 15. Nc2
b4 16. d4 a3 17. Bc1 e4 18. f3 Nf6 19. Bd2 h5 20. Be1 Nf5 21. d5 Bd7 22. fxe4
Nxe4 23. Bd3 Qe7 24. Rf4 Nc3 25. Bxc3 bxc3 26. Bxf5 Bxf5 27. Rxf5 g6 28. Rf4 f5
29. Qd3 Qe5 30. Raf1 Ra7 31. h3 Re7 32. R4f3 h4 33. Kh1 Ra8 34. R1f2 Qg7 35.
Rf4 Qf6 36. Rf1 Rae8 37. R1f2 Kg7 38. R4f3 Re4 39. Rf4 Qe5 40. Rxe4 fxe4 41.
Qf1 1-0

[Event "Skakligaen"]
[Site "Aarhus"]
[Date "2017.11.18"]
[Round "1.5"]
[White "Baekgaard, Martin"]
[Black "Stojanovski, Sandi"]
[Result "1/2-1/2"]
[WhiteElo "2297"]
[BlackElo "2270"]
[PlyCount "212"]
[EventDate "2017.11.18"]
[EventType "team-tourn"]
[EventRounds "9"]
[EventCountry "DEN"]
[WhiteTeam "Nordre"]
[BlackTeam "Hillerod"]
[WhiteTeamCountry "DEN"]
[BlackTeamCountry "DEN"]

1. d4 d5 2. c4 e6 3. Nc3 Bb4 4. cxd5 exd5 5. Bf4 Nf6 6. e3 O-O 7. Bd3 c5 8.
dxc5 Nbd7 9. Nge2 Nxc5 10. O-O Nce4 11. Qa4 Qe7 12. Rfd1 Bg4 13. Rac1 Nxc3 14.
bxc3 Bc5 15. Bg5 Bxe2 16. Bxe2 Rfd8 17. Bf3 Qe5 18. Bxf6 gxf6 19. Qb3 Rd7 20.
Qb5 Qc7 21. Rxd5 Rxd5 22. Bxd5 Rb8 23. Rd1 Rd8 24. g3 Kg7 25. Qc4 f5 26. Qh4
Qe7 27. Qh5 Qf6 28. Bxb7 Rxd1+ 29. Qxd1 Qxc3 30. Bd5 Qf6 31. Bb3 Kg6 32. Qd7
Qa1+ 33. Kg2 Qf6 34. Bxf7+ Qxf7 35. Qc6+ Kg7 36. Qxc5 Qxa2 37. Qxf5 a5 38. h4
a4 39. h5 a3 40. h6+ Kxh6 41. Qf6+ Kh5 42. Qf5+ Kh6 43. Qf6+ Kh5 44. e4 Qe2 45.
Qf5+ Kh6 46. Qf8+ Kg6 47. Qxa3 Qxe4+ 48. Qf3 Qb1 49. Qg4+ Kf6 50. Qd4+ Kg6 51.
Kf3 Qh1+ 52. Ke3 Qc1+ 53. Ke4 Qc6+ 54. Kf4 Qc1+ 55. Qe3 Qc7+ 56. Qe5 Qc1+ 57.
Kg4 Qc8+ 58. Kf3 Qf8+ 59. Kg2 Qa8+ 60. f3 Qa2+ 61. Kh3 Qf2 62. Kg4 Qf1 63. Qe6+
Kg7 64. Qd7+ Kg6 65. Qc6+ Kg7 66. Kg5 Qh3 67. Qf6+ Kg8 68. g4 Qh1 69. Qd8+ Kf7
70. Qd7+ Kg8 71. f4 Qh3 72. Qe8+ Kg7 73. Qe7+ Kg8 74. Qe6+ Kg7 75. Qe5+ Kf7 76.
Qd5+ Kg7 77. Qd7+ Kf8 78. Kf6 Qh6+ 79. Ke5 Qh3 80. Qf5+ Kg7 81. Qg5+ Kf8 82.
Kf6 Qc3+ 83. Qe5 Qc6+ 84. Qe6 Qc3+ 85. Kg5 Qc1 86. Qd7 Kg8 87. Qd4 Kf7 88. Qe4
Kg7 89. Kh5 Qd2 90. Qe5+ Kg8 91. f5 Qc1 92. Qe8+ Kg7 93. Qd7+ Kf8 94. Qd5 Qe3
95. Qd8+ Kf7 96. Qd7+ Kf8 97. Qd8+ Kf7 98. Qg5 Qh3+ 99. Qh4 Qe3 100. Qh2 Kf6
101. Qd6+ Kf7 102. Qd7+ Kf6 103. Qd8+ Kf7 104. Qh4 h6 105. Qd8 Qh3+ 106. Qh4
Qe3 1/2-1/2

[Event "Skakligaen"]
[Site "Aarhus"]
[Date "2017.11.18"]
[Round "1.6"]
[White "Ostergaard, Jens"]
[Black "Christensen, Jan Schleicher"]
[Result "1-0"]
[WhiteElo "2220"]
[BlackElo "2180"]
[PlyCount "83"]
[EventDate "2017.11.18"]
[EventType "team-tourn"]
[EventRounds "9"]
[EventCountry "DEN"]
[WhiteTeam "Hillerod"]
[BlackTeam "Nordre"]
[WhiteTeamCountry "DEN"]
[BlackTeamCountry "DEN"]

1. d4 Nf6 2. Nf3 c5 3. d5 e6 4. c4 b5 5. Bg5 exd5 6. cxd5 d6 7. e4 a6 8. a4 Be7
9. axb5 Nxe4 10. Bxe7 Qxe7 11. Be2 O-O 12. O-O Bb7 13. bxa6 Nxa6 14. Re1 Nb4
15. Rxa8 Rxa8 16. Bc4 f5 17. Nfd2 Qh4 18. Nxe4 fxe4 19. g3 Qf6 20. Nc3 Rf8 21.
Qd2 Bc8 22. Nxe4 Qg6 23. Qg5 Qf7 24. Qd2 Qg6 25. Nxc5 dxc5 26. d6+ Kh8 27. d7
Bxd7 28. Qxd7 Nc6 29. Bd5 Qf6 30. Rf1 Nd4 31. Qc7 Ne2+ 32. Kg2 Qg5 33. Bc4 Nd4
34. Qd6 Rd8 35. f4 Qf6 36. Qxc5 Nf5 37. b3 h5 38. Re1 Rd2+ 39. Re2 Rxe2+ 40.
Bxe2 Qe6 41. Bd3 Nh4+ 42. Kf2 1-0

[Event "Skakligaen"]
[Site "Aarhus"]
[Date "2017.11.18"]
[Round "1.7"]
[White "Klitgaard, Thomas"]
[Black "Jaksland, Tim"]
[Result "1/2-1/2"]
[WhiteElo "2195"]
[BlackElo "2168"]
[PlyCount "69"]
[EventDate "2017.11.18"]
[EventType "team-tourn"]
[EventRounds "9"]
[EventCountry "DEN"]
[WhiteTeam "Nordre"]
[BlackTeam "Hillerod"]
[WhiteTeamCountry "DEN"]
[BlackTeamCountry "DEN"]

1. Nf3 Nf6 2. c4 g6 3. d4 Bg7 4. e3 c5 5. d5 b5 6. cxb5 a6 7. Nc3 O-O 8. bxa6
Qa5 9. Bd2 Bxa6 10. Bxa6 Qxa6 11. Qe2 d6 12. Qxa6 Nxa6 13. e4 Rfb8 14. Bc1 Nd7
15. Ke2 Nb4 16. a3 Nc2 17. Ra2 Nxa3 18. Rxa3 Rxa3 19. bxa3 Bxc3 20. Kd3 Bg7 21.
Kc2 Nb6 22. Re1 Nc4 23. Nd2 Nxd2 24. Kxd2 Rb1 25. Kc2 Rb7 26. f4 Bd4 27. Re2 f6
28. g4 Kf7 29. h4 Rb8 30. g5 Rb7 31. Rh2 Kg7 32. Rg2 Kf7 33. Rh2 Kg7 34. Rg2
Kf7 35. Rh2 1/2-1/2

[Event "Skakligaen"]
[Site "Aarhus"]
[Date "2017.11.18"]
[Round "1.8"]
[White "Nordenbaek, Jan"]
[Black "Hoiberg, Nina"]
[Result "1/2-1/2"]
[WhiteElo "2194"]
[BlackElo "2148"]
[PlyCount "69"]
[EventDate "2017.11.18"]
[EventType "team-tourn"]
[EventRounds "9"]
[EventCountry "DEN"]
[WhiteTeam "Hillerod"]
[BlackTeam "Nordre"]
[WhiteTeamCountry "DEN"]
[BlackTeamCountry "DEN"]

1. e4 e5 2. Nf3 Nc6 3. Bc4 Nf6 4. d3 Be7 5. O-O O-O 6. Re1 d6 7. a4 a5 8. c3 h6
9. Na3 Nh7 10. h3 Ng5 11. Nxg5 Bxg5 12. Nb5 Qe7 13. Bxg5 hxg5 14. d4 Nd8 15.
dxe5 dxe5 16. Qd5 Be6 17. Qd3 Qc5 18. Na3 Bxc4 19. Qxc4 Ne6 20. Rad1 c6 21. Rd2
Rfd8 22. Red1 Rxd2 23. Rxd2 Qb6 24. Qa2 Rd8 25. Nc4 Qc5 26. Rxd8+ Nxd8 27. Qb3
Ne6 28. g3 g6 29. Ne3 b5 30. axb5 Qxb5 31. Qxb5 cxb5 32. Ng4 Nc5 33. Nxe5 Nxe4
34. Nc6 a4 35. Nd4 1/2-1/2

[Event "Skakligaen"]
[Site "Bronshoj"]
[Date "2017.12.03"]
[Round "3.1"]
[White "Brynell, Stellan"]
[Black "Hillarp Persson, Tiger"]
[Result "0-1"]
[WhiteElo "2411"]
[BlackElo "2531"]
[PlyCount "84"]
[EventDate "2017.11.18"]
[EventType "team-tourn"]
[EventRounds "9"]
[EventCountry "DEN"]
[WhiteTeam "Nordkalotten"]
[BlackTeam "Bronshoj"]
[WhiteTeamCountry "DEN"]
[BlackTeamCountry "DEN"]

1. e4 g6 2. d4 Bg7 3. Nf3 d6 4. c3 Nf6 5. Bd3 O-O 6. O-O Nbd7 7. Bg5 h6 8. Bh4
e5 9. Re1 Qe8 10. a4 Nh5 11. a5 a6 12. Na3 f5 13. exf5 gxf5 14. dxe5 dxe5 15.
Nc4 e4 16. Nd4 Nc5 17. Bf1 Nf4 18. Bg3 Nfd3 19. Bxc7 Qf7 20. Nb6 Nxf2 21. Kxf2
Qxc7 22. Nxa8 Qxh2 23. Bc4+ Kh8 24. Rh1 e3+ 25. Kf3 Qe5 26. Rh4 Ne4 27. Ke2 Qg3
28. Qe1 Qxg2+ 29. Kxe3 Nxc3 30. Nc7 f4+ 31. Kd3 Nb5 32. Nde6 Rd8+ 33. Nd5 Rxd5+
34. Bxd5 Qxd5+ 35. Kc2 Bxe6 36. Qd2 Qc4+ 37. Kd1 Qf1+ 38. Qe1 Qd3+ 39. Qd2 Qf3+
40. Qe2 Qg3 41. Qh2 Bb3+ 42. Ke2 Nd4+ 0-1

[Event "Skakligaen"]
[Site "Bronshoj"]
[Date "2017.12.03"]
[Round "3.2"]
[White "Bromann, Thorbjorn"]
[Black "Sylvan, Jacob"]
[Result "1-0"]
[WhiteElo "2387"]
[BlackElo "2360"]
[PlyCount "79"]
[EventDate "2017.11.18"]
[EventType "team-tourn"]
[EventRounds "9"]
[EventCountry "DEN"]
[WhiteTeam "Bronshoj"]
[BlackTeam "Nordkalotten"]
[WhiteTeamCountry "DEN"]
[BlackTeamCountry "DEN"]

1. b3 e5 2. Bb2 Nc6 3. e3 Nf6 4. Bb5 Bd6 5. Nf3 e4 6. Nh4 Be5 7. Nc3 d5 8. f4
exf3 9. Nxf3 Bg4 10. Be2 Bxf3 11. Bxf3 Qd6 12. g3 O-O-O 13. d4 Bxg3+ 14. hxg3
Qxg3+ 15. Ke2 Rhe8 16. Qd3 Ne4 17. Nxe4 dxe4 18. Bxe4 Nb4 19. Rag1 Qd6 20. Bf5+
Kb8 21. Ba3 g6 22. Bh3 Qb6 23. Bxb4 Rxd4 24. Ba5 Qd6 25. Qc3 b6 26. Rg4 Rd5 27.
Bb4 c5 28. Ba3 f5 29. Rc4 f4 30. e4 b5 31. Bxc5 Qc7 32. Qb4 Qb7 33. Bd6+ Ka8
34. Rc8+ Rxc8 35. Bxc8 Qxc8 36. exd5 Qg4+ 37. Kd2 Qg2+ 38. Kc3 Qxh1 39. Qxb5
Qa1+ 40. Kb4 1-0

[Event "Skakligaen"]
[Site "Bronshoj"]
[Date "2017.12.03"]
[Round "3.3"]
[White "Kristensen, Kaare Hove"]
[Black "Aabling Thomsen, Jakob"]
[Result "0-1"]
[WhiteElo "2318"]
[BlackElo "2360"]
[PlyCount "66"]
[EventDate "2017.11.18"]
[EventType "team-tourn"]
[EventRounds "9"]
[EventCountry "DEN"]
[WhiteTeam "Nordkalotten"]
[BlackTeam "Bronshoj"]
[WhiteTeamCountry "DEN"]
[BlackTeamCountry "DEN"]

1. d4 Nf6 2. c4 g6 3. Nc3 Bg7 4. e4 d6 5. f4 O-O 6. Nf3 c5 7. d5 e6 8. Be2 exd5
9. cxd5 b5 10. e5 dxe5 11. fxe5 Ng4 12. Bg5 Qb6 13. d6 Be6 14. Nxb5 Nc6 15. O-O
c4+ 16. Nbd4 Ncxe5 17. Kh1 Qxd6 18. Nxe6 Qxe6 19. h3 Nxf3 20. Bxf3 Qe5 21. Bxg4
Qxg5 22. Rc1 Rad8 23. Qe2 h5 24. Bf3 Rd2 25. Qe4 Be5 26. Rc2 Rxc2 27. Qxc2 Qg3
28. Kg1 Re8 29. Rd1 Qh2+ 30. Kf1 Bg3 31. Be4 Qh1+ 32. Ke2 Qxg2+ 33. Ke3 Rxe4+
0-1

[Event "Skakligaen"]
[Site "Bronshoj"]
[Date "2017.12.03"]
[Round "3.4"]
[White "Carstensen, Jacob"]
[Black "Hove, Esben Kjems"]
[Result "1/2-1/2"]
[WhiteElo "2361"]
[BlackElo "2325"]
[PlyCount "67"]
[EventDate "2017.11.18"]
[EventType "team-tourn"]
[EventRounds "9"]
[EventCountry "DEN"]
[WhiteTeam "Bronshoj"]
[BlackTeam "Nordkalotten"]
[WhiteTeamCountry "DEN"]
[BlackTeamCountry "DEN"]

1. d4 d5 2. c4 c6 3. Nf3 Nf6 4. e3 Bf5 5. Nc3 e6 6. Be2 h6 7. O-O Nbd7 8. Bd3
Bxd3 9. Qxd3 Be7 10. e4 dxe4 11. Nxe4 O-O 12. Rd1 Nxe4 13. Qxe4 Nf6 14. Qh4 Nh7
15. Qg3 Bd6 16. Bf4 Bxf4 17. Qxf4 Qf6 18. Qc7 Rab8 19. Qa5 a6 20. Ne5 Qf5 21.
Rd3 Nf6 22. h3 c5 23. Rf3 Qc2 24. Qxc5 Qxb2 25. Rd1 Qc2 26. Re1 Ne4 27. Qa3
Rbd8 28. Qe3 Nd6 29. Qb3 Qxb3 30. axb3 Rfe8 31. Rd3 f6 32. Nf3 Kf7 33. Ra1 Nf5
34. Rad1 1/2-1/2

[Event "Skakligaen"]
[Site "Bronshoj"]
[Date "2017.12.03"]
[Round "3.5"]
[White "Reimanis, Ritvars"]
[Black "Hoi, Carsten"]
[Result "1-0"]
[WhiteElo "2296"]
[BlackElo "2354"]
[PlyCount "73"]
[EventDate "2017.11.18"]
[EventType "team-tourn"]
[EventRounds "9"]
[EventCountry "DEN"]
[WhiteTeam "Nordkalotten"]
[BlackTeam "Bronshoj"]
[WhiteTeamCountry "DEN"]
[BlackTeamCountry "DEN"]

1. d4 d5 2. c4 dxc4 3. Nf3 Nf6 4. e3 Bg4 5. Bxc4 e6 6. Nc3 a6 7. O-O Nc6 8. Be2
Bd6 9. Ne1 Bf5 10. f3 e5 11. d5 Ne7 12. e4 Bd7 13. Nd3 Ng6 14. Be3 Qe7 15. Qc2
O-O 16. a4 Nh5 17. g3 Kh8 18. a5 f5 19. exf5 Bxf5 20. Ne4 Nf6 21. Nxf6 gxf6 22.
Qb3 Bd7 23. Rac1 f5 24. f4 exf4 25. Nxf4 Nxf4 26. gxf4 Rg8+ 27. Kh1 Rg6 28. Bh5
Bb5 29. Bd4+ Kg8 30. Rfe1 Qh4 31. Bxg6 hxg6 32. Be5 Bxe5 33. fxe5 f4 34. Rg1
Kh7 35. Rc3 f3 36. Rxc7+ Kh6 37. Qe3+ 1-0

[Event "Skakligaen"]
[Site "Bronshoj"]
[Date "2017.12.03"]
[Round "3.6"]
[White "Palm, Nikolaj"]
[Black "Nielsen, Lars Aaes"]
[Result "1-0"]
[WhiteElo "2319"]
[BlackElo "2245"]
[PlyCount "123"]
[EventDate "2017.11.18"]
[EventType "team-tourn"]
[EventRounds "9"]
[EventCountry "DEN"]
[WhiteTeam "Bronshoj"]
[BlackTeam "Nordkalotten"]
[WhiteTeamCountry "DEN"]
[BlackTeamCountry "DEN"]

1. d4 e6 2. Nf3 d5 3. e3 Nf6 4. Bd3 c5 5. b3 Nc6 6. O-O Be7 7. Nbd2 O-O 8. Bb2
b6 9. a3 Bb7 10. Qe2 Qc7 11. c4 Rad8 12. Rac1 Qb8 13. Rfd1 Rfe8 14. Ne5 Nxe5
15. dxe5 Nd7 16. f4 dxc4 17. bxc4 Nf8 18. Nf3 Bc6 19. e4 Rd7 20. Bc2 Rxd1+ 21.
Rxd1 b5 22. f5 exf5 23. exf5 Bf6 24. Be4 Bxe4 25. Qxe4 bxc4 26. Qc2 Bd8 27. Nd2
c3 28. Bxc3 Qb5 29. Re1 Ba5 30. a4 Qa6 31. Re4 Bxc3 32. Qxc3 Nd7 33. h3 Qc6 34.
Qe3 Qd5 35. Nf3 c4 36. Kf2 c3 37. Rd4 Qa2+ 38. Kg3 Nf8 39. Qxc3 Qb1 40. Qd3
Qxd3 41. Rxd3 g6 42. Kf4 gxf5 43. Kxf5 Kg7 44. Rb3 Re7 45. Nd4 Ng6 46. Nf3 Rc7
47. Rb4 h6 48. h4 a5 49. Rd4 Rc5 50. h5 Ne7+ 51. Ke4 Rc2 52. g4 Nc6 53. Rd6 Ne7
54. g5 hxg5 55. h6+ Kh8 56. Nxg5 Rg2 57. Rd8+ Ng8 58. Kf4 Rf2+ 59. Kg3 Rf1 60.
h7 Rg1+ 61. Kf4 Rf1+ 62. Ke3 1-0

[Event "Skakligaen"]
[Site "Bronshoj"]
[Date "2017.12.03"]
[Round "3.7"]
[White "Jakobsen, Peter"]
[Black "Laursen, Niels Norskov"]
[Result "1/2-1/2"]
[WhiteElo "2182"]
[BlackElo "2304"]
[PlyCount "90"]
[EventDate "2017.11.18"]
[EventType "team-tourn"]
[EventRounds "9"]
[EventCountry "DEN"]
[WhiteTeam "Nordkalotten"]
[BlackTeam "Bronshoj"]
[WhiteTeamCountry "DEN"]
[BlackTeamCountry "DEN"]

1. d4 d6 2. Nf3 Nf6 3. c4 g6 4. Nc3 Bg7 5. e4 O-O 6. Be2 e5 7. O-O Na6 8. Be3
Ng4 9. Bg5 Qe8 10. dxe5 dxe5 11. h3 f6 12. Bd2 Nh6 13. Qc1 Nf7 14. Rd1 c6 15.
Be3 f5 16. exf5 gxf5 17. Qc2 Qe7 18. Rab1 f4 19. Bd2 Nd6 20. c5 Nxc5 21. Nd5
cxd5 22. Qxc5 Be6 23. Bb4 Rfd8 24. Rbc1 Qf6 25. Qc7 Rd7 26. Qa5 Nf5 27. Bb5 Rf7
28. Rc7 e4 29. Rxf7 Bxf7 30. Bc3 Qb6 31. Qxb6 axb6 32. Bxg7 Kxg7 33. Ne5 Be6
34. a3 Kf6 35. Nd7+ Bxd7 36. Bxd7 Ne7 37. Rc1 Ke5 38. Rc7 Rb8 39. Bb5 Kd6 40.
Rd7+ Ke6 41. Rc7 h5 42. Kf1 h4 43. Ke1 Kd6 44. Rd7+ Ke6 45. Rc7 Kd6 1/2-1/2

[Event "Skakligaen"]
[Site "Bronshoj"]
[Date "2017.12.03"]
[Round "3.8"]
[White "Greger, Roland Reinhard"]
[Black "Ejsing, Esben"]
[Result "1-0"]
[WhiteElo "2298"]
[BlackElo "2161"]
[PlyCount "51"]
[EventDate "2017.11.18"]
[EventType "team-tourn"]
[EventRounds "9"]
[EventCountry "DEN"]
[WhiteTeam "Bronshoj"]
[BlackTeam "Nordkalotten"]
[WhiteTeamCountry "DEN"]
[BlackTeamCountry "DEN"]

1. e4 c5 2. Nf3 e6 3. d4 cxd4 4. Nxd4 a6 5. Nc3 b5 6. Bd3 Bb7 7. Qe2 d6 8. O-O
Be7 9. a4 b4 10. Na2 Nf6 11. c3 bxc3 12. Nxc3 O-O 13. f4 d5 14. e5 Ne4 15. Be3
Nd7 16. Rfd1 Nxc3 17. bxc3 Nc5 18. f5 Nxd3 19. Rxd3 exf5 20. Nxf5 Kh8 21. Bd4
Rg8 22. Qh5 g6 23. e6+ Bf6 24. Bxf6+ Qxf6 25. Qxh7+ Kxh7 26. Rh3+ 1-0

[Event "Skakligaen"]
[Site "Padborg"]
[Date "2017.12.03"]
[Round "3.2"]
[White "Schwarz, Frank"]
[Black "Sorensen, Jan"]
[Result "1/2-1/2"]
[WhiteElo "2237"]
[BlackElo "2420"]
[PlyCount "160"]
[EventDate "2017.11.18"]
[EventType "team-tourn"]
[EventRounds "9"]
[EventCountry "DEN"]
[WhiteTeam "Bov"]
[BlackTeam "Aarhus/Skolerne"]
[WhiteTeamCountry "DEN"]
[BlackTeamCountry "DEN"]

1. d4 e6 2. Bf4 f5 3. e3 Nf6 4. Bd3 b6 5. Nf3 Bb7 6. Nbd2 Be7 7. h3 c5 8. c3
cxd4 9. exd4 O-O 10. Qe2 Nd5 11. Bh2 Bg5 12. O-O-O Nf4 13. Bxf4 Bxf4 14. Kb1
Nc6 15. Rhg1 Ne7 16. g3 Bh6 17. Nc4 Rb8 18. Nd6 Ba8 19. Ne5 Nd5 20. Bb5 Qe7 21.
Ndc4 Rfd8 22. Rge1 Nc7 23. Na3 a6 24. Bd3 b5 25. Nc2 Nd5 26. Ka1 g6 27. h4 Bg7
28. Ne3 Nf6 29. Bc2 Ne4 30. Bb3 a5 31. a3 b4 32. cxb4 axb4 33. a4 d6 34. Nf3
Kh8 35. Ng5 Nxg5 36. hxg5 Qa7 37. d5 e5 38. Rh1 e4 39. g4 f4 40. Nc4 Qe7 41.
Na5 Rbc8 42. Nc6 Bxc6 43. dxc6 Qxg5 44. Qxe4 Re8 45. Qc4 Qf6 46. Rd2 d5 47. Qb5
Rxc6 48. Qxd5 Rcc8 49. g5 Qc6 50. Qxc6 Rxc6 51. Rhd1 h6 52. gxh6 Bxh6 53. Rd7
f3 54. Kb1 Rec8 55. Rd8+ Rxd8 56. Rxd8+ Kg7 57. Rd7+ Kf6 58. Rf7+ Ke5 59. Rxf3
Bf4 60. Rd3 Rc1+ 61. Ka2 Rf1 62. f3 Rf2 63. Bf7 Kf6 64. Bc4 Be5 65. Rb3 Bd6 66.
a5 Bc5 67. a6 Rd2 68. Rd3 Rxd3 69. Bxd3 g5 70. Kb3 Ke5 71. Kc4 Kd6 72. Be4 Ba7
73. Kxb4 Kc7 74. Kb5 Bd4 75. Kc4 Bf2 76. Kd5 Kb6 77. Bd3 Be3 78. b4 Bf2 79. Kd6
Bg3+ 80. Kd7 Bf4 1/2-1/2

[Event "Skakligaen"]
[Site "Padborg"]
[Date "2017.12.03"]
[Round "3.3"]
[White "Skytte, Rasmus"]
[Black "Reinecker, Kai"]
[Result "1-0"]
[WhiteElo "2394"]
[BlackElo "2254"]
[PlyCount "117"]
[EventDate "2017.11.18"]
[EventType "team-tourn"]
[EventRounds "9"]
[EventCountry "DEN"]
[WhiteTeam "Aarhus/Skolerne"]
[BlackTeam "Bov"]
[WhiteTeamCountry "DEN"]
[BlackTeamCountry "DEN"]

1. d4 Nf6 2. c4 e6 3. Nc3 Bb4 4. Nf3 O-O 5. Bg5 h6 6. Bh4 d5 7. e3 Nbd7 8. cxd5
exd5 9. Bd3 Re8 10. O-O c6 11. Qc2 Be7 12. Bg3 Nh5 13. Nxd5 Nxg3 14. Nxe7+ Qxe7
15. hxg3 Nf6 16. Ne5 Ng4 17. Nxg4 Bxg4 18. Rac1 Rad8 19. Rfe1 h5 20. f3 Be6 21.
Qc5 Qc7 22. Qxh5 Qxg3 23. a3 g6 24. Qh2 Qg5 25. Kf2 Kg7 26. Rh1 Rh8 27. Qg3 Qa5
28. b4 Qd5 29. Rxh8 Rxh8 30. Qe5+ Qxe5 31. dxe5 Rd8 32. Rc3 Rh8 33. a4 Rh5 34.
f4 Rh1 35. b5 Ra1 36. bxc6 bxc6 37. Rxc6 Rxa4 38. e4 a5 39. Ke3 Ra3 40. Kd4
Ra4+ 41. Kc5 Ra3 42. Rd6 Rc3+ 43. Kb5 Ra3 44. f5 Bb3 45. g4 g5 46. Kc5 Ra1 47.
Rd7 Kf8 48. Kd6 Rd1 49. Rd8+ Kg7 50. Ke7 a4 51. e6 Bxe6 52. fxe6 fxe6 53. e5 a3
54. Bc4 Re1 55. Kxe6 Re4 56. Rd7+ Kf8 57. Bd5 Rxg4 58. Rf7+ Ke8 59. Ra7 1-0

[Event "Skakligaen"]
[Site "Padborg"]
[Date "2017.12.03"]
[Round "3.4"]
[White "Light, Bjarne"]
[Black "Christensen, Tobias"]
[Result "1-0"]
[WhiteElo "2234"]
[BlackElo "2352"]
[PlyCount "51"]
[EventDate "2017.11.18"]
[EventType "team-tourn"]
[EventRounds "9"]
[EventCountry "DEN"]
[WhiteTeam "Bov"]
[BlackTeam "Aarhus/Skolerne"]
[WhiteTeamCountry "DEN"]
[BlackTeamCountry "DEN"]

1. d4 e6 2. Bf4 c5 3. e3 Qb6 4. Nc3 cxd4 5. exd4 Bb4 6. Nf3 Nf6 7. Bd3 Nc6 8.
a3 Bxc3+ 9. bxc3 Qa5 10. Bd2 Qc7 11. c4 b6 12. O-O Bb7 13. Re1 O-O 14. Bg5 h6
15. Bxf6 gxf6 16. d5 Na5 17. Nd4 f5 18. Qc1 Kg7 19. Qb2 Kg6 20. Re3 Nxc4 21.
Bxc4 Qxc4 22. Rg3+ Kh5 23. Nxf5 exf5 24. Qf6 Qg4 25. Rxg4 Kxg4 26. f3+ 1-0

[Event "Skakligaen"]
[Site "Padborg"]
[Date "2017.12.03"]
[Round "3.5"]
[White "Vinther Schou, Uffe"]
[Black "Schuette, Andreas"]
[Result "1/2-1/2"]
[WhiteElo "2336"]
[BlackElo "2152"]
[PlyCount "67"]
[EventDate "2017.11.18"]
[EventType "team-tourn"]
[EventRounds "9"]
[EventCountry "DEN"]
[WhiteTeam "Aarhus/Skolerne"]
[BlackTeam "Bov"]
[WhiteTeamCountry "DEN"]
[BlackTeamCountry "DEN"]

1. Nf3 d5 2. c4 e6 3. d4 c5 4. e3 Nf6 5. Nc3 a6 6. a3 Nc6 7. cxd5 exd5 8. Be2
c4 9. Ne5 Bd6 10. f4 Ne7 11. Qa4+ Bd7 12. Nxd7 Qxd7 13. Qxd7+ Kxd7 14. Bf3 h5
15. Ke2 Rae8 16. Re1 b5 17. Kf1 Bc7 18. Bd2 Bb6 19. Rab1 Ba5 20. Re2 Bxc3 21.
bxc3 Nf5 22. a4 Kc6 23. Bc1 Rb8 24. Ra2 Rhe8 25. axb5+ axb5 26. Ra7 Re7 27.
Rba1 Rxa7 28. Rxa7 Rb7 29. Ra8 Kc7 30. Ke2 Rb8 31. Ra7+ Rb7 32. Ra8 Rb8 33.
Ra7+ Rb7 34. Ra8 1/2-1/2